[Event "SVK-chT 2324"]
[Site "Slovakia"]
[Date "2024.01.21"]
[Round "6.2"]
[White "Ftacnik, Lubomir"]
[Black "Zwardon, Vojtech"]
[Result "1-0"]
[WhiteElo "2438"]
[BlackElo "2452"]
[PlyCount "51"]
[EventDate "2023.11.04"]
[EventType "team-tourn"]
[EventRounds "11"]
[EventCountry "SVK"]
[SourceTitle "CB04_2024"]
[SourceDate "2023.10.16"]
[SourceVersion "1"]
[SourceVersionDate "2023.10.16"]
[SourceQuality "1"]
[WhiteTeam "Bratislava Slovan"]
[BlackTeam "Cadca Caissa"]
[WhiteTeamCountry "SVK"]
[BlackTeamCountry "SVK"]

1. d4 Nf6 2. Nf3 e6 3. c4 c5 4. d5 b5 5. Bf4 Qa5+ 6. Bd2 Qb6 7. Nc3 b4 8. Na4 Qd6 9. g3 exd5 10. Bf4 Qc6 11. Ne5 Qe6 12. cxd5 Nxd5 13. Bh3 f5 14. Bxf5 Qg8 15. Be4 Bb7 16. Qb3 Na6 17. Rd1 Nac7 18. Nxd7 Kxd7 19. Nc3 Re8 20. Nxd5 Nxd5 21. Bxd5 Bxd5 22. Rxd5+ Kc6 23. Qa4+ Kxd5 24. Qd7+ Bd6 25. Qxd6+ Ke4 26. Qd3# 1-0

[Event "Paleochora op 16th"]
[Site "Paleochora"]
[Date "2023.07.23"]
[Round "6"]
[White "Zwardon, Vojtech"]
[Black "Patrelakis, Evaggelos"]
[Result "0-1"]
[WhiteElo "2486"]
[BlackElo "2378"]
[PlyCount "78"]
[EventDate "2023.07.19"]
[EventType "swiss"]
[EventRounds "9"]
[EventCountry "GRE"]
[SourceTitle "EXT 2024"]
[Source "ChessBase"]
[SourceDate "2023.10.10"]
[SourceVersion "1"]
[SourceVersionDate "2023.10.10"]
[SourceQuality "1"]

1. c4 e5 2. g3 c6 3. Nf3 e4 4. Nd4 d5 5. cxd5 Qxd5 6. e3 Bc5 7. Nc3 Qe5 8. d3 exd3 9. Qxd3 Nf6 10. Bg2 0-0 11. 0-0 Rd8 12. Nf3 Qe7 13. Qc2 Nbd7 14. Rd1 Re8 15. h3 Bb6 16. b3 Ne5 17. Nd4 h5 18. a4 Bc5 19. Nf5 Qe6 20. e4 Ng6 21. Bb2 h4 22. Nxh4 Nxh4 23. gxh4 Nh5 24. Ne2 Be7 25. f4 Bxh4 26. f5 Qe7 27. Bf3 Bxf5 28. Nc3 Qg5+ 29. Qg2 Qe3+ 30. Kh1 Ng3+ 31. Kh2 Bg6 32. Rd7 Rad8 33. Rad1 Rxd7 34. Rxd7 Qf4 35. Kg1 Rd8 36. Rxd8+ Bxd8 37. e5 Bb6+ 38. Kh2 Ne4+ 39. Kh1 Nf2+ 0-1

[Event "Mosty u Jablunkova op 20th"]
[Site "Mosty u Jablunkova"]
[Date "2023.05.27"]
[Round "2"]
[White "Zwardon, Vojtech"]
[Black "Pacl, Vaclav"]
[Result "1-0"]
[WhiteElo "2407"]
[BlackElo "1916"]
[PlyCount "79"]
[EventDate "2023.05.27"]
[EventType "swiss (rapid)"]
[EventRounds "9"]
[EventCountry "CZE"]
[SourceTitle "EXT 2024"]
[Source "ChessBase"]
[SourceDate "2023.10.10"]
[SourceVersion "1"]
[SourceVersionDate "2023.10.10"]
[SourceQuality "1"]

1. c4 e5 2. g3 d6 3. Bg2 f5 4. d4 Nf6 5. dxe5 dxe5 6. Qc2 Nc6 7. Nc3 Bc5 8. e3 Nb4 9. Qa4+ c6 10. a3 Nd3+ 11. Ke2 Ng4 12. Nh3 e4 13. Rd1 0-0 14. Kf1 Nxh2+ 15. Kg1 Ng4 16. Qc2 Qe8 17. Ne2 Nge5 18. Nef4 Be7 19. Nxd3 Nxd3 20. Nf4 Nxf4 21. exf4 Qh5 22. Be3 Be6 23. Rd2 g5 24. Rad1 gxf4 25. Bxf4 Bg5 26. Bxg5 Qxg5 27. Rd6 Rae8 28. Qc3 f4 29. Bxe4 Bg4 30. Re1 fxg3 31. Qxg3 h5 32. f3 Qc5+ 33. Kg2 Rxf3 34. Bxf3 Rxe1 35. Rd8+ Kh7 36. Qxe1 Bxf3+ 37. Kxf3 Qf5+ 38. Ke2 Qg4+ 39. Kd3 Qf5+ 40. Qe4 1-0

[Event "CZE-ch"]
[Site "Bystrice nad Pernstejnem"]
[Date "2023.05.17"]
[Round "9"]
[White "Zwardon, Vojtech"]
[Black "Stocek, Jiri"]
[Result "1/2-1/2"]
[WhiteElo "2498"]
[BlackElo "2525"]
[PlyCount "91"]
[EventDate "2023.05.09"]
[EventType "tourn"]
[EventRounds "9"]
[EventCountry "CZE"]
[EventCategory "11"]
[SourceTitle "CBM 214 Extra"]
[Source "ChessBase"]
[SourceDate "2023.07.31"]
[SourceVersion "1"]
[SourceVersionDate "2023.07.31"]
[SourceQuality "1"]

1. c4 b6 2. Nf3 Bb7 3. g3 g6 4. Bg2 Bg7 5. d4 Nf6 6. 0-0 e6 7. Nc3 Ne4 8. d5 Nxc3 9. bxc3 0-0 10. Nd4 e5 11. Nb5 d6 12. c5 bxc5 13. Rb1 Bc8 14. Nxa7 Ba6 15. Nc6 Nxc6 16. dxc6 e4 17. Bxe4 Re8 18. Bf3 Bc4 19. a3 d5 20. Qd2 Qd6 21. Rd1 Rad8 22. Qf4 Bxc3 23. Qxd6 Rxd6 24. Be3 Bd4 25. Bxd4 cxd4 26. Rxd4 Rxc6 27. e4 Ra6 28. exd5 Rxa3 29. Kg2 Rc3 30. h4 h5 31. Rb4 Bd3 32. Rb7 Bf5 33. Ra7 Kg7 34. Rb4 Re5 35. Rf4 Kf6 36. Ra6+ Ke7 37. Ra7 Kf6 38. Kh2 Rc2 39. Kg2 Re1 40. Rb4 Bd3 41. Rf4+ Bf5 42. Raa4 Ke5 43. Ra8 Kf6 44. Raa4 Ke5 45. Ra8 Kf6 46. Raa4 1/2-1/2

[Event "CZE-chT 2223"]
[Site "Czech Republic"]
[Date "2023.03.25"]
[Round "10.5"]
[White "Zwardon, Vojtech"]
[Black "Hollan, Petr"]
[Result "1-0"]
[WhiteElo "2493"]
[BlackElo "2276"]
[PlyCount "81"]
[EventDate "2022.10.15"]
[EventType "team-tourn"]
[EventRounds "11"]
[EventCountry "CZE"]
[SourceTitle "CBM 213 Extra"]
[Source "ChessBase"]
[SourceDate "2023.05.31"]
[SourceVersion "1"]
[SourceVersionDate "2023.05.31"]
[SourceQuality "1"]
[WhiteTeam "Frydek Mistek"]
[BlackTeam "Oaza Loznice.cz"]
[WhiteTeamCountry "CZE"]
[BlackTeamCountry "CZE"]

1. c4 e6 2. Nf3 d5 3. e3 Nf6 4. b3 Bd6 5. Bb2 c6 6. g4 Nbd7 7. g5 Ne4 8. h4 e5 9. cxd5 cxd5 10. Bb5 Qe7 11. d3 Nec5 12. d4 exd4 13. Qxd4 Ne6 14. Qxd5 Nc7 15. Bxd7+ Bxd7 16. Qxb7 0-0 17. Nbd2 Rfe8 18. Nd4 Bg3 19. Qf3 Qxe3+ 20. Qxe3 Rxe3+ 21. Kf1 Rd3 22. Nc4 Bf4 23. Ke2 Rh3 24. Rxh3 Bxh3 25. Kf3 Nd5 26. Rd1 Be6 27. Nf5 Bxf5 28. Rxd5 Be6 29. Rc5 Bh2 30. Be5 Bxe5 31. Rxe5 Rc8 32. Ke3 h6 33. g6 Bxc4 34. bxc4 fxg6 35. c5 Kf7 36. Kd4 Kf6 37. f4 Rc6 38. Kd5 Ra6 39. c6 Rxa2 40. c7 Rc2 41. Re6+ 1-0

[Event "Catalunya-chT Gp2 Final"]
[Site "Barcelona"]
[Date "2023.03.18"]
[Round "2.2"]
[White "Zwardon, Vojtech"]
[Black "Prie, Eric"]
[Result "1-0"]
[WhiteElo "2498"]
[BlackElo "2368"]
[PlyCount "59"]
[EventDate "2023.03.11"]
[EventType "team-k.o."]
[EventRounds "4"]
[EventCountry "ESP"]
[SourceTitle "EXT 2024"]
[Source "ChessBase"]
[SourceDate "2023.10.10"]
[SourceVersion "1"]
[SourceVersionDate "2023.10.10"]
[SourceQuality "1"]
[WhiteTeam "Lira Vendrellenca"]
[BlackTeam "Olot"]
[WhiteTeamCountry "ESP"]
[BlackTeamCountry "ESP"]

1. c4 Nf6 2. Nc3 e5 3. Nf3 Nc6 4. g3 Bc5 5. Bg2 d6 6. e3 Bg4 7. h3 Bh5 8. g4 Bg6 9. d4 Bb4 10. Qb3 0-0 11. 0-0 Bxc3 12. bxc3 b6 13. dxe5 dxe5 14. Rd1 Qe8 15. c5 Na5 16. Qb4 Ne4 17. cxb6 axb6 18. Nh4 Nc5 19. Nxg6 hxg6 20. Ba3 e4 21. Qb1 Nab7 22. Bb4 f5 23. Rd4 Qc6 24. g5 Kh7 25. Bxc5 Nxc5 26. h4 Nd7 27. c4 Qe6 28. Qb5 Rf7 29. Qd5 Qe8 30. Qc6 1-0

[Event "CZE-chT 2223"]
[Site "Czech Republic"]
[Date "2023.02.19"]
[Round "8.3"]
[White "Nguyen, Thai Dai Van"]
[Black "Zwardon, Vojtech"]
[Result "0-1"]
[WhiteElo "2634"]
[BlackElo "2493"]
[PlyCount "70"]
[EventDate "2022.10.15"]
[EventType "team-tourn"]
[EventRounds "11"]
[EventCountry "CZE"]
[SourceTitle "CBM 213 Extra"]
[Source "ChessBase"]
[SourceDate "2023.05.31"]
[SourceVersion "1"]
[SourceVersionDate "2023.05.31"]
[SourceQuality "1"]
[WhiteTeam "Novoborsky"]
[BlackTeam "Frydek Mistek"]
[WhiteTeamCountry "CZE"]
[BlackTeamCountry "CZE"]

1. d4 Nf6 2. c4 e6 3. Nf3 c5 4. d5 b5 5. dxe6 fxe6 6. cxb5 a6 7. bxa6 Bxa6 8. g3 d5 9. Bg2 Bd6 10. 0-0 0-0 11. Re1 Nc6 12. Nc3 Qc7 13. Bg5 Rae8 14. e4 d4 15. Qa4 dxc3 16. Qxa6 cxb2 17. Rab1 Nb4 18. Qc4 Ng4 19. Rxb2 Rxf3 20. Bxf3 Ne5 21. Qc3 Nbd3 22. Be2 c4 23. Reb1 Nxb2 24. Rxb2 Qc6 25. Qc2 Bc5 26. Bf4 Bd4 27. Rb4 Qc5 28. Qa4 Rf8 29. Bxc4 Bxf2+ 30. Kg2 Be1 31. Bxe6+ Kh8 32. Rd4 Nc6 33. Be3 Qc3 34. Rd6 Qxe3 35. Qxc6 Qe2+ 0-1

[Event "Catalunya-chT Gp1"]
[Site "Barcelona"]
[Date "2023.02.11"]
[Round "4.2"]
[White "Zwardon, Vojtech"]
[Black "Peralta, Fernando"]
[Result "0-1"]
[WhiteElo "2487"]
[BlackElo "2596"]
[PlyCount "74"]
[EventDate "2023.01.21"]
[EventType "team-tourn"]
[EventRounds "7"]
[EventCountry "ESP"]
[SourceTitle "CBM 213 Extra"]
[Source "ChessBase"]
[SourceDate "2023.05.31"]
[SourceVersion "1"]
[SourceVersionDate "2023.05.31"]
[SourceQuality "1"]
[WhiteTeam "Lira Vendrellenca"]
[BlackTeam "Valls"]
[WhiteTeamCountry "ESP"]
[BlackTeamCountry "ESP"]

1. c4 Nf6 2. Nc3 e6 3. e4 d5 4. e5 d4 5. exf6 dxc3 6. bxc3 Qxf6 7. Nf3 b6 8. d4 Bb7 9. Bd3 h6 10. Ne5 Bd6 11. Qa4+ Ke7 12. Ng4 Qh4 13. Ne3 Nd7 14. Qc2 Rhe8 15. g3 Qh3 16. Be4 Bxe4 17. Qxe4 Kf8 18. a4 e5 19. Qh7 exd4 20. cxd4 Nf6 21. Qh8+ Ng8 22. Bd2 f5 23. c5 bxc5 24. dxc5 Be5 25. 0-0-0 Kf7 26. Qh7 Ne7 27. Nc4 Bf6 28. Rhe1 Qg4 29. Bf4 Rh8 30. Qxh8 Rxh8 31. Rd7 Re8 32. Rxc7 Kf8 33. Nd6 Rb8 34. Nb5 a6 35. Rd7 axb5 36. Bxb8 Qc4+ 37. Kd1 Qb3+ 0-1

[Event "POL-chT Ekstraliga"]
[Site "Bydgoszcz"]
[Date "2022.09.11"]
[Round "9.5"]
[White "Zwardon, Vojtech"]
[Black "Bobras, Piotr"]
[Result "1/2-1/2"]
[WhiteElo "2495"]
[BlackElo "2494"]
[PlyCount "63"]
[EventDate "2022.09.03"]
[EventType "team-tourn"]
[EventRounds "9"]
[EventCountry "POL"]
[SourceTitle "CBM 210 Extra"]
[Source "ChessBase"]
[SourceDate "2022.11.30"]
[SourceVersion "1"]
[SourceVersionDate "2022.11.30"]
[SourceQuality "1"]
[WhiteTeam "Krakow Dwie Wieze"]
[BlackTeam "Legnica Miedz"]
[WhiteTeamCountry "POL"]
[BlackTeamCountry "POL"]

1. c4 c6 2. Nc3 d5 3. d4 Nf6 4. cxd5 cxd5 5. Bf4 Nc6 6. e3 a6 7. Rc1 Bg4 8. f3 Bh5 9. g4 Bg6 10. h4 h6 11. Kf2 e6 12. Bd3 Bd6 13. Bxg6 fxg6 14. Nge2 0-0 15. Kg2 Rc8 16. Qd3 Ne7 17. Rcd1 Rc6 18. Bxd6 Qxd6 19. Nf4 Kf7 20. Nce2 Rfc8 21. Rd2 Nd7 22. h5 g5 23. Ng6 Nxg6 24. Qxg6+ Kg8 25. Rf1 Nf8 26. Qd3 Nh7 27. a3 b5 28. Rdd1 Nf6 29. Rc1 Rc4 30. Rc3 Rxc3 31. Nxc3 e5 32. dxe5 1/2-1/2

[Event "POL-chT Ekstraliga"]
[Site "Bydgoszcz"]
[Date "2022.09.08"]
[Round "6.2"]
[White "Zwardon, Vojtech"]
[Black "Skawinski, Arkadiusz"]
[Result "1/2-1/2"]
[WhiteElo "2495"]
[BlackElo "2359"]
[PlyCount "64"]
[EventDate "2022.09.03"]
[EventType "team-tourn"]
[EventRounds "9"]
[EventCountry "POL"]
[SourceTitle "CBM 210 Extra"]
[Source "ChessBase"]
[SourceDate "2022.11.30"]
[SourceVersion "1"]
[SourceVersionDate "2022.11.30"]
[SourceQuality "1"]
[WhiteTeam "Krakow Dwie Wieze"]
[BlackTeam "Wisznia Mala Bialy Krol"]
[WhiteTeamCountry "POL"]
[BlackTeamCountry "POL"]

1. c4 e6 2. Nf3 d5 3. e3 Nf6 4. b3 c5 5. Bb2 Nc6 6. cxd5 exd5 7. Be2 d4 8. Bb5 Bd6 9. exd4 0-0 10. Bxc6 bxc6 11. 0-0 cxd4 12. Bxd4 Bg4 13. Be3 Qa5 14. d4 Qh5 15. h3 Rae8 16. hxg4 Nxg4 17. Re1 f5 18. Nc3 Bh2+ 19. Kf1 f4 20. Bd2 Bg3 21. Rxe8 Rxe8 22. Ne5 f3 23. gxf3 Bxe5 24. dxe5 Qh3+ 25. Ke2 Nxe5 26. Qh1 Qd7 27. Kd1 Rd8 28. Ne4 Qd3 29. Qe1 Qxf3+ 30. Qe2 Qh1+ 31. Qe1 Qf3+ 32. Qe2 Qh1+ 1/2-1/2

[Event "POL-chT Ekstraliga"]
[Site "Bydgoszcz"]
[Date "2022.09.05"]
[Round "3.3"]
[White "Pultinevicius, Paulius"]
[Black "Zwardon, Vojtech"]
[Result "1-0"]
[WhiteElo "2585"]
[BlackElo "2495"]
[PlyCount "95"]
[EventDate "2022.09.03"]
[EventType "team-tourn"]
[EventRounds "9"]
[EventCountry "POL"]
[SourceTitle "CBM 210 Extra"]
[Source "ChessBase"]
[SourceDate "2022.11.30"]
[SourceVersion "1"]
[SourceVersionDate "2022.11.30"]
[SourceQuality "1"]
[WhiteTeam "Plock Hetman"]
[BlackTeam "Krakow Dwie Wieze"]
[WhiteTeamCountry "POL"]
[BlackTeamCountry "POL"]

1. d4 Nf6 2. c4 e6 3. Nf3 d5 4. Nc3 Bb4 5. cxd5 exd5 6. Bg5 0-0 7. e3 h6 8. Bh4 c5 9. dxc5 Nbd7 10. Rc1 Nxc5 11. Qd4 Bxc3+ 12. Qxc3 Nce4 13. Qb4 Qb6 14. Qxb6 axb6 15. Bxf6 Nxf6 16. a3 Bg4 17. Nd4 Rfc8 18. Rxc8+ Rxc8 19. f3 Bh5 20. Kd2 Bg6 21. Bb5 Kf8 22. a4 Ke7 23. Ra1 Kd6 24. g4 h5 25. g5 Nh7 26. f4 Be4 27. Bd3 Bxd3 28. Kxd3 g6 29. a5 bxa5 30. Rxa5 Nf8 31. Nb5+ Ke6 32. Ra7 Nd7 33. b4 Rb8 34. Kd4 Nb6 35. Ra3 Rc8 36. Rc3 Rxc3 37. Nxc3 Kd6 38. e4 dxe4 39. Nxe4+ Kc6 40. Nc5 Na8 41. Ke5 Nc7 42. Kf6 Nd5+ 43. Kxf7 Nxf4 44. Ne6 Nd3 45. Kxg6 Kd6 46. Nc5 Nf4+ 47. Kf7 b6 48. g6 1-0

[Event "Olympiad-44"]
[Site "Chennai"]
[Date "2022.08.07"]
[Round "9.4"]
[White "Lopez Silva, Hugo Andres"]
[Black "Zwardon, Vojtech"]
[Result "0-1"]
[WhiteElo "2403"]
[BlackElo "2503"]
[PlyCount "82"]
[EventDate "2022.07.29"]
[EventType "team-swiss"]
[EventRounds "11"]
[EventCountry "IND"]
[SourceTitle "CBM 210"]
[Source "ChessBase"]
[SourceDate "2022.10.31"]
[SourceVersion "1"]
[SourceVersionDate "2022.10.31"]
[SourceQuality "1"]
[WhiteTeam "Chile"]
[BlackTeam "Czech Republic"]
[WhiteTeamCountry "CHI"]
[BlackTeamCountry "CZE"]

1. e4 c5 2. Nf3 d6 3. d4 cxd4 4. Nxd4 Nf6 5. Nc3 g6 6. Be3 Bg7 7. f3 0-0 8. Qd2 Nc6 9. 0-0-0 d5 10. Qe1 e5 11. Nxc6 bxc6 12. exd5 Nxd5 13. Bc4 Be6 14. Ne4 Qb8 15. Bc5 Rd8 16. g4 Nf4 17. Qc3 Qb7 18. g5 Rab8 19. b3 Nd5 20. Qa5 Bh3 21. Rd2 h6 22. Rhd1 hxg5 23. Ba6 Qa8 24. c4 g4 25. cxd5 cxd5 26. Nf2 Bg2 27. Nxg4 Bxf3 28. Rg1 Bxg4 29. Rxg4 Bh6 30. Kb2 Bxd2 31. Qxd2 Qc6 32. Qa5 Rd7 33. Be2 Rc7 34. Be3 Qc2+ 35. Ka3 Rc3 36. Rxg6+ Kh7 37. Rh6+ Kg7 38. Qxd5 Rxe3 39. Bc4 Kxh6 40. Qxf7 Qg6 41. Qxa7 Qd6+ 0-1

[Event "Paleochora op 15th"]
[Site "Paleochora"]
[Date "2022.07.24"]
[Round "9"]
[White "Yilmaz, Mustafa"]
[Black "Zwardon, Vojtech"]
[Result "0-1"]
[WhiteElo "2634"]
[BlackElo "2503"]
[PlyCount "130"]
[EventDate "2022.07.17"]
[EventType "swiss"]
[EventRounds "9"]
[EventCountry "GRE"]
[SourceTitle "CBM 211 Extra"]
[Source "ChessBase"]
[SourceDate "2023.01.31"]
[SourceVersion "1"]
[SourceVersionDate "2023.01.31"]
[SourceQuality "1"]

1. d4 Nf6 2. c4 e6 3. Nf3 d5 4. Nc3 Bb4 5. cxd5 exd5 6. Bf4 0-0 7. e3 Bf5 8. Qb3 Nc6 9. Nh4 Be4 10. Be2 h6 11. Bg3 Bh7 12. 0-0 a6 13. Nf3 Bxc3 14. bxc3 b5 15. a4 Na5 16. Qb4 c6 17. Ra2 Nc4 18. Ne5 Nxe5 19. Bxe5 Nd7 20. Bd6 Re8 21. Rfa1 a5 22. Qa3 bxa4 23. Qxa4 Nf6 24. Bf4 Ne4 25. Qa3 g5 26. Be5 f6 27. Bg3 Bg6 28. c4 h5 29. c5 h4 30. Bd6 Re6 31. Bd3 h3 32. Bxe4 Bxe4 33. f3 Bg6 34. gxh3 Bf5 35. Rg2 Qe8 36. Re1 Qh5 37. Rg3 a4 38. Kg2 Kf7 39. Qb4 Kg6 40. Qb7 Rh8 41. Qxc6 Bxh3+ 42. Kf2 a3 43. Qxd5 Ree8 44. Qb3 Ra8 45. Ra1 Qh7 46. Rxa3 Rxa3 47. Qxa3 Qb7 48. Rg1 Ra8 49. Qd3+ Bf5 50. e4 Ra2+ 51. Ke3 Bc8 52. Rb1 Qa8 53. Qc4 Kg7 54. c6 Qa5 55. Qb4 Ba6 56. d5 Re2+ 57. Kd4 Qa2 58. Kc5 Bd3 59. Rb3 Qa7+ 60. Qb6 Rc2+ 61. Kd4 Qa1+ 62. Rb2 Qg1+ 63. Kxd3 Qd1+ 64. Ke3 Rc3+ 65. Kf2 Rxf3+ 0-1

[Event "Paleochora op 15th"]
[Site "Paleochora"]
[Date "2022.07.20"]
[Round "5"]
[White "Godzwon, Iwo"]
[Black "Zwardon, Vojtech"]
[Result "1-0"]
[WhiteElo "2336"]
[BlackElo "2503"]
[PlyCount "87"]
[EventDate "2022.07.17"]
[EventType "swiss"]
[EventRounds "9"]
[EventCountry "GRE"]
[SourceTitle "CBM 209 Extra"]
[Source "ChessBase"]
[SourceDate "2022.09.30"]
[SourceVersion "1"]
[SourceVersionDate "2022.09.30"]
[SourceQuality "1"]

1. e4 c5 2. Nf3 Nc6 3. d4 cxd4 4. Nxd4 g6 5. c4 Nf6 6. Nc3 d6 7. Be2 Nxd4 8. Qxd4 Bg7 9. Be3 0-0 10. Qd2 Qa5 11. 0-0 Be6 12. Rfc1 Rfc8 13. b3 Nd7 14. Rab1 f5 15. b4 Qd8 16. exf5 Bxf5 17. Rb3 Kh8 18. Nd5 Nb6 19. Nxb6 axb6 20. Bf3 Ra7 21. a4 Rxa4 22. Bxb7 Rb8 23. Bc6 Ra7 24. Bd4 Qf8 25. h3 Bxd4 26. Qxd4+ Qg7 27. Qe3 Rc7 28. Bd5 Qf6 29. Ra3 Kg7 30. Qd2 b5 31. g4 e6 32. Bg2 Rxc4 33. Ra7+ Kg8 34. gxf5 Rd4 35. Qh6 Rh4 36. Qe3 gxf5 37. Qg3+ Kh8 38. Rac7 Rc4 39. R7xc4 bxc4 40. Qxd6 Rc8 41. b5 c3 42. b6 Rg8 43. b7 Qg7 44. Qg3 1-0

[Event "Krakow op-A"]
[Site "Krakow"]
[Date "2022.06.30"]
[Round "7"]
[White "Zwardon, Vojtech"]
[Black "Romanishin, Oleg M"]
[Result "1-0"]
[WhiteElo "2501"]
[BlackElo "2405"]
[PlyCount "79"]
[EventDate "2022.06.25"]
[EventType "swiss"]
[EventRounds "9"]
[EventCountry "POL"]
[SourceTitle "CBM 209 Extra"]
[Source "ChessBase"]
[SourceDate "2022.09.30"]
[SourceVersion "1"]
[SourceVersionDate "2022.09.30"]
[SourceQuality "1"]

1. c4 e5 2. g3 Nf6 3. Bg2 d5 4. cxd5 Nxd5 5. Nf3 Nc6 6. 0-0 Nb6 7. b3 g6 8. Bb2 Bg7 9. d3 0-0 10. Nc3 Nd4 11. Nxd4 exd4 12. Ne4 a5 13. Qc2 c6 14. Ba3 Re8 15. Bc5 Nd7 16. Ba3 Nb6 17. Qb2 Bg4 18. Rfe1 Nc8 19. Rac1 Bf5 20. Nd2 Na7 21. h3 Nb5 22. Bc5 a4 23. Nc4 Be6 24. Nb6 a3 25. Qd2 Ra6 26. Na4 Bd5 27. Bxd5 Qxd5 28. e3 Qd8 29. exd4 Rxe1+ 30. Rxe1 Nxd4 31. Bxd4 Bxd4 32. Qb4 b5 33. Nc5 Ra8 34. Ne4 Kg7 35. Rc1 Bb2 36. Rxc6 Qxd3 37. Qe7 Qd8 38. Qd6 Qxd6 39. Nxd6 Rd8 40. Nxb5 1-0